=LDR 00000nam 2200000 4500 =001 INLIS000000000044085 =005 20131008104612 =008 ***********************************Ind** =035 ##$$0010-101300000002007 =041 ##$$a Ind =082 ##$$a 641.8 =090 ##$$a 641.8, Pit c =100 ##$$a Pitijo, Setijo =245 ##$$a Cincau, Cara penbuatan dan variasi olahannya, Setijo Pitijo =260 ##$$a 2005 $b Jakarta =300 ##$$a 66 hlm, ilus, 19 cm =650 ##$$a Makanan =850 ##$$a NBPNMAT